Sports Quiz

Random Sports or Golf Quiz
Score 0/12 Timer 03:00
0 Plays Today
Missing Major Golfer % Correct
US OpenPhil Mickelson
86.9%
PGA ChampionshipArnold Palmer
76.3%
MastersRory McIlroy
70.7%
PGA ChampionshipJordan Spieth
68.5%
PGA ChampionshipTom Watson
63.6%
US OpenSam Snead
51.1%
MastersLee Trevino
44.9%
MastersWalter Hagen
35.4%
The Open ChampionshipByron Nelson
28.4%
The Open ChampionshipRaymond Floyd
18.9%
MastersTommy Armour
7.1%
MastersJim Barnes
4%
Remove Ads.
Support Sporcle.
Get the best of Sporcle when you Go Orange. This ad-free experience offers more features, more stats, and more fun while also helping to support Sporcle. Thank you for becoming a member.

You're not logged in!

Compare scores with friends on all Sporcle quizzes.
OR
Log In

Sporcle TV

Today on Sporcle TV


Watch our educational content, quiz creation guides, and fun videos on Sporcle TV.

Show Comments

Extras

Top Quizzes Today


Score Distribution

Paid Content

Your Account Isn't Verified!

In order to create a playlist on Sporcle, you need to verify the email address you used during registration. Go to your Sporcle Settings to finish the process.

Report this User

Report this user for behavior that violates our Community Guidelines.

Details: